000 00369nam a2200157 a 4500
001 3240
005 20140414131916.0
008 040202s19uu xx 00 eng d
050 _aER
_bL72 1995
245 _aLittle red riding hood.
260 _bTormont,
_c1995.
300 _ap. ; cm.
650 _aFolktales.
650 _aChildren stories.
999 _c111472
_d111472